[Event "Titled Tuesday intern op 22nd Aug Early"]
[Site "Chess.com INT"]
[Date "2023.08.22"]
[Round "8"]
[White "Coelho, Ramyres Santana"]
[Black "Seifert, Henryk"]
[Result "1-0"]
[WhiteElo "1981"]
[BlackElo "2106"]
[PlyCount "73"]
[EventDate "2023.08.22"]
[EventType "swiss (blitz)"]
[EventRounds "11"]
[EventCountry "USA"]
[SourceTitle "EXT 2024"]
[Source "ChessBase"]
[SourceDate "2023.10.10"]
[SourceVersion "1"]
[SourceVersionDate "2023.10.10"]
[SourceQuality "1"]

1. e4 e6 2. d4 d5 3. Nc3 Nf6 4. e5 Nfd7 5. f4 c5 6. Nf3 Nc6 7. Be3 Qb6 8. a3 cxd4 9. Nxd4 Nxd4 10. Bxd4 Qd8 11. Bd3 Bc5 12. Bxc5 Nxc5 13. 0-0 Bd7 14. Kh1 0-0 15. Rf3 Nxd3 16. Qxd3 f5 17. exf6 Qxf6 18. Raf1 a6 19. f5 Rae8 20. fxe6 Qxe6 21. Rxf8+ Rxf8 22. Rxf8+ Kxf8 23. Qf3+ Kg8 24. Qxd5 Qxd5 25. Nxd5 Be6 26. Ne3 Kf7 27. Kg1 Kf6 28. Kf2 Ke5 29. Kf3 h6 30. c3 b6 31. g3 a5 32. Nc2 Bd5+ 33. Ke3 Kf5 34. Nd4+ Kg4 35. Ne2 Bc4 36. Nf4 g5 37. Ng6 1-0

[Event "Titled Tuesday intern op 22nd Aug Early"]
[Site "Chess.com INT"]
[Date "2023.08.22"]
[Round "5"]
[White "Yuruultei, Batbaatar"]
[Black "Seifert, Henryk"]
[Result "1-0"]
[WhiteElo "1433"]
[BlackElo "2106"]
[PlyCount "57"]
[EventDate "2023.08.22"]
[EventType "swiss (blitz)"]
[EventRounds "11"]
[EventCountry "USA"]
[SourceTitle "EXT 2024"]
[Source "ChessBase"]
[SourceDate "2023.10.10"]
[SourceVersion "1"]
[SourceVersionDate "2023.10.10"]
[SourceQuality "1"]

1. d4 d5 2. c4 c6 3. Nf3 e6 4. Qc2 Nf6 5. Nbd2 Nbd7 6. g3 Be7 7. Bg2 0-0 8. 0-0 b6 9. Rd1 Bb7 10. e4 dxe4 11. Nxe4 c5 12. Nxf6+ Bxf6 13. dxc5 bxc5 14. Ng5 Bxg5 15. Bxb7 Bxc1 16. Bxa8 Qxa8 17. Rxd7 Bg5 18. Rad1 Bf6 19. b3 g6 20. Qd2 Kg7 21. Qa5 Bd4 22. Qxa7 Qf3 23. R7xd4 cxd4 24. Qxd4+ Kg8 25. c5 e5 26. Qd3 Qc6 27. b4 Ra8 28. Qd5 Qf6 29. Qxa8+ 1-0

[Event "Titled Tuesday intern op 15th Aug Early"]
[Site "Chess.com INT"]
[Date "2023.08.15"]
[Round "3"]
[White "Seifert, Henryk"]
[Black "Valle Luis, Leo"]
[Result "1-0"]
[WhiteElo "2106"]
[BlackElo "2250"]
[PlyCount "41"]
[EventDate "2023.08.15"]
[EventType "swiss (blitz)"]
[EventRounds "11"]
[EventCountry "USA"]
[SourceTitle "EXT 2024"]
[Source "ChessBase"]
[SourceDate "2023.10.10"]
[SourceVersion "1"]
[SourceVersionDate "2023.10.10"]
[SourceQuality "1"]

1. e4 c6 2. d4 d5 3. exd5 cxd5 4. Bd3 Nc6 5. c3 Nf6 6. Bf4 g6 7. Nf3 Bg7 8. Nbd2 0-0 9. h3 Re8 10. 0-0 a6 11. Re1 b5 12. a3 Qb6 13. Ne5 a5 14. Qe2 Ba6 15. Nb3 Rab8 16. Nc5 Bc8 17. Nxc6 Qxc6 18. Bxb8 Bxh3 19. Be5 Bg4 20. f3 Bc8 21. Bxb5 1-0

[Event "Titled Tuesday intern op 08th Aug Early"]
[Site "Chess.com INT"]
[Date "2023.08.08"]
[Round "9"]
[White "Seifert, Henryk"]
[Black "Floresvillar Gonzalez, Luis Miguel"]
[Result "0-1"]
[WhiteElo "2106"]
[BlackElo "2019"]
[PlyCount "66"]
[EventDate "2023.08.08"]
[EventType "swiss (blitz)"]
[EventRounds "11"]
[EventCountry "USA"]
[SourceTitle "EXT 2024"]
[Source "ChessBase"]
[SourceDate "2023.10.10"]
[SourceVersion "1"]
[SourceVersionDate "2023.10.10"]
[SourceQuality "1"]

1. e4 c6 2. d4 d5 3. exd5 cxd5 4. Bd3 Nf6 5. c3 Nc6 6. Bf4 Qb6 7. Qb3 Qxb3 8. axb3 Bg4 9. b4 e6 10. Nd2 Be7 11. Ngf3 Bxf3 12. Nxf3 Ne4 13. b5 Nd8 14. Nd2 f5 15. Nf3 Bd6 16. Bxd6 Nxd6 17. 0-0 N8f7 18. Ne5 Nxe5 19. dxe5 Ne4 20. f3 Nc5 21. Bc2 Ke7 22. g4 f4 23. h4 h6 24. Bg6 Rhd8 25. Rad1 a6 26. bxa6 Rxa6 27. Rd4 Rb6 28. b4 Nd7 29. Re1 Rf8 30. Rd3 Rc6 31. Kg2 Rc4 32. Ra1 Rfc8 33. Ra3 Nxe5 0-1

[Event "Titled Tuesday intern op 08th Aug Early"]
[Site "Chess.com INT"]
[Date "2023.08.08"]
[Round "6"]
[White "Seifert, Henryk"]
[Black "Linster, Philippe"]
[Result "0-1"]
[WhiteElo "2106"]
[BlackElo "2303"]
[PlyCount "104"]
[EventDate "2023.08.08"]
[EventType "swiss (blitz)"]
[EventRounds "11"]
[EventCountry "USA"]
[SourceTitle "EXT 2024"]
[Source "ChessBase"]
[SourceDate "2023.10.10"]
[SourceVersion "1"]
[SourceVersionDate "2023.10.10"]
[SourceQuality "1"]

1. e4 e5 2. Nf3 Nc6 3. Nc3 Nf6 4. Bb5 Nd4 5. Bc4 Bc5 6. 0-0 d6 7. h3 0-0 8. d3 h6 9. Nxd4 Bxd4 10. Ne2 Bb6 11. Ng3 Be6 12. Qf3 Nh7 13. Nf5 Qf6 14. g3 Kh8 15. Kg2 Rad8 16. Be3 c6 17. Bxb6 axb6 18. h4 d5 19. Bb3 Bxf5 20. Qxf5 Qxf5 21. exf5 Nf6 22. Rfe1 Rfe8 23. f3 Kg8 24. a4 Ra8 25. g4 Nh7 26. Re2 f6 27. Rae1 Kf8 28. Kg3 Rad8 29. c3 Kf7 30. c4 dxc4 31. Bxc4+ Kf8 32. b4 Rd4 33. Re4 Red8 34. a5 bxa5 35. bxa5 Rxe4 36. fxe4 Ra8 37. Rb1 Ke7 38. Rxb7+ Kd6 39. Rxg7 Nf8 40. Rf7 Nd7 41. Rh7 Rxa5 42. Rxh6 Ra1 43. Be6 Nc5 44. Rxf6 Ke7 45. g5 Nxd3 46. Rf7+ Ke8 47. g6 Nf4 48. h5 Nxh5+ 49. Kg4 Nf4 50. Kg5 Rg1+ 51. Kh4 Nxe6 52. fxe6 Rxg6 0-1

[Event "Titled Tuesday intern op 13th Dec Early"]
[Site "Chess.com INT"]
[Date "2022.12.13"]
[Round "6"]
[White "Seifert, Henryk"]
[Black "Gutkin, Ilya"]
[Result "0-1"]
[WhiteElo "2106"]
[BlackElo "2245"]
[PlyCount "76"]
[EventDate "2022.12.13"]
[EventType "swiss (blitz)"]
[EventRounds "11"]
[EventCountry "USA"]
[SourceTitle "EXT 2024"]
[Source "ChessBase"]
[SourceDate "2023.10.10"]
[SourceVersion "1"]
[SourceVersionDate "2023.10.10"]
[SourceQuality "1"]

1. e4 e6 2. d4 d5 3. Nd2 c5 4. Ngf3 Nc6 5. exd5 exd5 6. Bb5 a6 7. Qe2+ Qe7 8. Qxe7+ Bxe7 9. Bxc6+ bxc6 10. 0-0 Nf6 11. Re1 cxd4 12. Nxd4 Bd7 13. N2b3 Kd8 14. Na5 Rc8 15. Nb7+ Kc7 16. Bf4+ Kxb7 17. Rxe7 Rhf8 18. Nf5 Kb6 19. Nxg7 c5 20. Rae1 d4 21. Bg5 Ne8 22. Rxd7 Nxg7 23. Bh6 Rg8 24. Rxf7 Nh5 25. Re6+ Rc6 26. Rxc6+ Kxc6 27. Rxh7 Nf6 28. Rf7 Ng4 29. Bf4 Re8 30. g3 Re2 31. Bg5 Rxc2 32. h4 d3 33. h5 d2 34. h6 d1Q+ 35. Kg2 Qd5+ 36. Rf3 Ne5 37. h7 Qxf3+ 38. Kh3 Rc1 0-1

[Event "Titled Tuesday intern op 13th Dec Early"]
[Site "Chess.com INT"]
[Date "2022.12.13"]
[Round "8"]
[White "Seifert, Henryk"]
[Black "Kuchava, Ana"]
[Result "1-0"]
[WhiteElo "2106"]
[BlackElo "2101"]
[PlyCount "93"]
[EventDate "2022.12.13"]
[EventType "swiss (blitz)"]
[EventRounds "11"]
[EventCountry "USA"]
[SourceTitle "EXT 2024"]
[Source "ChessBase"]
[SourceDate "2023.10.10"]
[SourceVersion "1"]
[SourceVersionDate "2023.10.10"]
[SourceQuality "1"]

1. e4 c5 2. Nf3 d6 3. c3 Nf6 4. Be2 Nc6 5. d4 cxd4 6. cxd4 d5 7. e5 Ne4 8. 0-0 Bf5 9. Nbd2 e6 10. Nb3 Be7 11. Be3 0-0 12. Nfd2 Nxd2 13. Qxd2 Rc8 14. Rac1 Qb6 15. Nc5 Qc7 16. b4 b6 17. Na6 Qb7 18. a3 f6 19. f4 fxe5 20. fxe5 Nb8 21. Nxb8 Qxb8 22. Ba6 Rxc1 23. Rxc1 Be4 24. Bg5 Bxg5 25. Qxg5 Re8 26. Bb5 Rc8 27. Bd7 Rxc1+ 28. Qxc1 h6 29. Bxe6+ Kh7 30. Qc8 Qxc8 31. Bxc8 Kg6 32. h4 Kh5 33. g3 Kg6 34. Kf2 Kf7 35. Ke3 Ke7 36. Kf4 Kf7 37. g4 Bg2 38. e6+ Ke7 39. Ke5 Bf3 40. g5 hxg5 41. hxg5 Bg2 42. Bb7 Bh3 43. Bxd5 Bg4 44. Bc4 Bf3 45. d5 Bg2 46. d6+ Kd8 47. Bb5 1-0

[Event "Titled Tuesday intern op 15th Nov Early"]
[Site "Chess.com INT"]
[Date "2022.11.15"]
[Round "4"]
[White "Kostiukov, Alexandr"]
[Black "Seifert, Henryk"]
[Result "1-0"]
[WhiteElo "2271"]
[BlackElo "2106"]
[PlyCount "93"]
[EventDate "2022.11.15"]
[EventType "swiss (blitz)"]
[EventRounds "11"]
[EventCountry "USA"]
[SourceTitle "CBM 211 Extra"]
[Source "ChessBase"]
[SourceDate "2023.01.31"]
[SourceVersion "1"]
[SourceVersionDate "2023.01.31"]
[SourceQuality "1"]

1. g3 d5 2. Bg2 c6 3. d3 Nf6 4. e4 dxe4 5. dxe4 Qxd1+ 6. Kxd1 e5 7. f3 Bc5 8. Nd2 a5 9. a4 h5 10. h4 Be6 11. Bh3 Bxg1 12. Bxe6 Bf2 13. Bc8 Bxg3 14. Bxb7 Ra7 15. Bc8 0-0 16. Bh3 Na6 17. Nc4 Rd8+ 18. Ke2 Nb4 19. c3 Nc2 20. Ra2 Bf4 21. Bxf4 exf4 22. b3 Ne3 23. Nxe3 fxe3 24. Kxe3 Rb7 25. Rb1 c5 26. Rab2 Re7 27. Rd2 Rde8 28. Bf1 Nxe4 29. fxe4 Rxe4+ 30. Kf2 Rxh4 31. Re2 Rxe2+ 32. Bxe2 Rh2+ 33. Ke3 Rh3+ 34. Kd2 g5 35. b4 cxb4 36. cxb4 axb4 37. Rxb4 Ra3 38. Rb5 f6 39. a5 Kg7 40. Bxh5 Kh6 41. Bd1 Kg6 42. Bc2+ Kh5 43. Kc1 Kh4 44. Kb2 Re3 45. a6 Re8 46. a7 Ra8 47. Ra5 1-0

[Event "Titled Tuesday intern op 15th Nov Early"]
[Site "Chess.com INT"]
[Date "2022.11.15"]
[Round "6"]
[White "Mrudul, Dehankar"]
[Black "Seifert, Henryk"]
[Result "1-0"]
[WhiteElo "2168"]
[BlackElo "2106"]
[PlyCount "61"]
[EventDate "2022.11.15"]
[EventType "swiss (blitz)"]
[EventRounds "11"]
[EventCountry "USA"]
[SourceTitle "CBM 211 Extra"]
[Source "ChessBase"]
[SourceDate "2023.01.31"]
[SourceVersion "1"]
[SourceVersionDate "2023.01.31"]
[SourceQuality "1"]

1. e4 e6 2. Nf3 d5 3. Nc3 Nf6 4. e5 Nfd7 5. d4 c5 6. dxc5 Nc6 7. Bf4 Bxc5 8. Bd3 f6 9. exf6 Nxf6 10. Qd2 0-0 11. 0-0-0 Nh5 12. Bg5 Qd6 13. Kb1 Bd7 14. Rhe1 Rae8 15. Nb5 Qb8 16. Bh4 Nf4 17. Bg3 a6 18. Nc3 Bd6 19. Ng5 g6 20. Ne2 e5 21. Bxf4 exf4 22. Nc3 Ne7 23. Ne6 Bxe6 24. Rxe6 Bc7 25. Rde1 Nc6 26. Nxd5 Rxe6 27. Rxe6 Be5 28. f3 Bg7 29. Ne7+ Nxe7 30. Rxe7 Rd8 31. Qe2 1-0

[Event "Titled Tuesday intern op 15th Nov Early"]
[Site "Chess.com INT"]
[Date "2022.11.15"]
[Round "8"]
[White "Seifert, Henryk"]
[Black "Matveeva, Olga"]
[Result "0-1"]
[WhiteElo "2106"]
[BlackElo "2111"]
[PlyCount "48"]
[EventDate "2022.11.15"]
[EventType "swiss (blitz)"]
[EventRounds "11"]
[EventCountry "USA"]
[SourceTitle "CBM 211 Extra"]
[Source "ChessBase"]
[SourceDate "2023.01.31"]
[SourceVersion "1"]
[SourceVersionDate "2023.01.31"]
[SourceQuality "1"]

1. e4 e6 2. d4 d5 3. Nd2 c5 4. exd5 Qxd5 5. Ngf3 cxd4 6. Bc4 Qd6 7. 0-0 Nf6 8. Nb3 Nc6 9. Nbxd4 Nxd4 10. Qxd4 Qxd4 11. Nxd4 Bc5 12. Nb3 Bb6 13. a4 a5 14. Bf4 Bd7 15. Bd6 Rc8 16. Bd3 Bc6 17. c4 Be4 18. Be2 Bc2 19. Ra3 Ne4 20. c5 Nxd6 21. cxd6 Kd7 22. Bf3 Kxd6 23. Bxb7 Rb8 24. Bf3 Bxb3 0-1

[Event "Titled Tuesday intern op 27th Sep Early"]
[Site "Chess.com INT"]
[Date "2022.09.27"]
[Round "9"]
[White "Ciuffoletti, Paolo"]
[Black "Seifert, Henryk"]
[Result "1-0"]
[WhiteElo "2106"]
[BlackElo "2148"]
[PlyCount "49"]
[EventDate "2022.09.27"]
[EventType "swiss (blitz)"]
[EventRounds "11"]
[EventCountry "USA"]
[SourceTitle "CBM 210 Extra"]
[Source "ChessBase"]
[SourceDate "2022.11.30"]
[SourceVersion "1"]
[SourceVersionDate "2022.11.30"]
[SourceQuality "1"]

1. e4 e6 2. d4 d5 3. e5 c5 4. c3 Nc6 5. Nf3 Qb6 6. a3 Bd7 7. b4 cxd4 8. cxd4 Rc8 9. Bb2 Na5 10. Nbd2 Nc4 11. Bxc4 dxc4 12. Rc1 a5 13. 0-0 axb4 14. axb4 Qxb4 15. Bc3 Qb5 16. Ne4 Nh6 17. Nfg5 Bc6 18. Qh5 Be7 19. Nxe6 Bxe4 20. Nxg7+ Kd8 21. Qxh6 Bg6 22. d5 Bd3 23. d6 Bxd6 24. exd6 Qd7 25. Qf6+ 1-0

[Event "Titled Tuesday intern op 27th Sep Early"]
[Site "Chess.com INT"]
[Date "2022.09.27"]
[Round "1"]
[White "Maksimenko, Viktor"]
[Black "Seifert, Henryk"]
[Result "1-0"]
[WhiteElo "2181"]
[BlackElo "2148"]
[PlyCount "111"]
[EventDate "2022.09.27"]
[EventType "swiss (blitz)"]
[EventRounds "11"]
[EventCountry "USA"]
[SourceTitle "CBM 210 Extra"]
[Source "ChessBase"]
[SourceDate "2022.11.30"]
[SourceVersion "1"]
[SourceVersionDate "2022.11.30"]
[SourceQuality "1"]

1. d4 d5 2. c4 c6 3. Nf3 Nf6 4. e3 g6 5. Nc3 Bg7 6. h3 0-0 7. Be2 dxc4 8. Bxc4 c5 9. 0-0 cxd4 10. exd4 Nbd7 11. Re1 Nb6 12. Bb3 e6 13. Ne5 Nbd5 14. Bg5 Nxc3 15. bxc3 Qc7 16. Qf3 Nd7 17. Ng4 h5 18. Nh2 Rb8 19. Bf4 e5 20. dxe5 Bxe5 21. Rxe5 Nxe5 22. Qg3 Re8 23. Re1 h4 24. Qg5 Qxc3 25. Rxe5 Rxe5 26. Bxe5 Qc1+ 27. Nf1 Qxg5 28. Bxb8 Be6 29. Bxa7 Bxh3 30. Bd5 Qxd5 31. gxh3 Qxa2 32. Bd4 b5 33. Ne3 b4 34. Kg2 b3 35. Nc4 Qc2 36. Ne3 b2 37. Nxc2 b1Q 38. Ne1 Qe4+ 39. Nf3 g5 40. Kf1 Kf8 41. Bc5+ Kg7 42. Nd2 Qd3+ 43. Ke1 f6 44. Be3 Kg6 45. Nf3 Qc3+ 46. Ke2 Qc2+ 47. Kf1 f5 48. Kg2 Kh5 49. Bxg5 f4 50. Bxf4 Qg6+ 51. Kf1 Qe4 52. Ne5 Qxf4 53. Ng4 Qf3 54. Kg1 Qxh3 55. Nf6+ Kg6 56. Ne4 1-0

[Event "Titled Tuesday intern op 27th Sep Early"]
[Site "Chess.com INT"]
[Date "2022.09.27"]
[Round "7"]
[White "Seifert, Henryk"]
[Black "Ansh, M Shah"]
[Result "0-1"]
[WhiteElo "2148"]
[BlackElo "2163"]
[PlyCount "100"]
[EventDate "2022.09.27"]
[EventType "swiss (blitz)"]
[EventRounds "11"]
[EventCountry "USA"]
[SourceTitle "CBM 210 Extra"]
[Source "ChessBase"]
[SourceDate "2022.11.30"]
[SourceVersion "1"]
[SourceVersionDate "2022.11.30"]
[SourceQuality "1"]

1. e4 c6 2. d4 d5 3. exd5 cxd5 4. Bd3 Nc6 5. c3 Qc7 6. Nf3 Bg4 7. Nbd2 Nf6 8. h3 Bh5 9. 0-0 Bg6 10. Nb3 e6 11. Re1 Bd6 12. a4 0-0 13. Bxg6 hxg6 14. Be3 Rfc8 15. Nbd2 Na5 16. Qe2 Nc4 17. Nxc4 Qxc4 18. Qxc4 Rxc4 19. Nd2 Rc7 20. a5 Rac8 21. g3 Kf8 22. Kg2 Ke7 23. f4 Nd7 24. Nf3 f6 25. Nh4 Kf7 26. Nf3 Rc4 27. Ra2 R4c6 28. Rea1 Ra6 29. Bd2 Rac6 30. Ne1 R6c7 31. Nd3 Ke7 32. Kf3 Kf7 33. h4 Ke7 34. b4 Kf7 35. Be1 Rc4 36. Ke3 R4c7 37. b5 Rc4 38. Nb2 R4c7 39. Nd3 Rc4 40. Rb2 R4c7 41. b6 axb6 42. axb6 Rc6 43. Ra7 Rb8 44. Bd2 Rxb6 45. Rxb6 Nxb6 46. Nc5 Nc4+ 47. Kd3 Bxc5 48. dxc5 Ke7 49. Bc1 Kd7 50. g4 Kc6 0-1

[Event "Titled Tuesday intern op 27th Sep Early"]
[Site "Chess.com INT"]
[Date "2022.09.27"]
[Round "3"]
[White "Seifert, Henryk"]
[Black "Haitin, Ilja"]
[Result "0-1"]
[WhiteElo "2148"]
[BlackElo "2321"]
[PlyCount "82"]
[EventDate "2022.09.27"]
[EventType "swiss (blitz)"]
[EventRounds "11"]
[EventCountry "USA"]
[SourceTitle "CBM 210 Extra"]
[Source "ChessBase"]
[SourceDate "2022.11.30"]
[SourceVersion "1"]
[SourceVersionDate "2022.11.30"]
[SourceQuality "1"]

1. e4 d6 2. d4 Nf6 3. Bd3 e5 4. c3 d5 5. dxe5 Nxe4 6. Bxe4 dxe4 7. Qxd8+ Kxd8 8. Bf4 Nd7 9. Nd2 Nc5 10. Bg5+ Be7 11. Bxe7+ Kxe7 12. Ne2 Nd3+ 13. Kf1 e3 14. fxe3 Nxb2 15. Nf4 Rd8 16. Ke2 b6 17. Nb3 Ba6+ 18. Kf2 Nd3+ 19. Nxd3 Rxd3 20. Rac1 Rad8 21. Nd4 Bb7 22. Ke2 Be4 23. Rhf1 c5 24. Rf4 cxd4 25. Rxe4 dxc3 26. Rc2 Rd2+ 27. Rxd2 Rxd2+ 28. Kf3 b5 29. Rd4 Rxd4 30. exd4 c2 31. Ke4 c1Q 32. Kd5 Qc4+ 33. Ke4 Ke6 34. a3 Qd5+ 35. Ke3 a5 36. g3 b4 37. g4 bxa3 38. g5 a2 39. g6 hxg6 40. h4 a1Q 41. h5 Qaxd4+ 0-1

[Event "Titled Tuesday intern op 26th Apr Early"]
[Site "Chess.com INT"]
[Date "2022.04.26"]
[Round "5"]
[White "Seifert, Henryk"]
[Black "Prohorov, Olexandr"]
[Result "1/2-1/2"]
[WhiteElo "2148"]
[BlackElo "2086"]
[PlyCount "32"]
[EventDate "2022.04.26"]
[EventType "swiss (blitz)"]
[EventRounds "11"]
[EventCountry "USA"]
[SourceTitle "CBM 208 Extra"]
[Source "ChessBase"]
[SourceDate "2022.07.31"]
[SourceVersion "1"]
[SourceVersionDate "2022.07.31"]
[SourceQuality "1"]

1. e4 c5 2. Nf3 e6 3. c3 Nf6 4. e5 Nd5 5. d4 cxd4 6. cxd4 d6 7. Bc4 Nb6 8. Bb3 dxe5 9. dxe5 Qxd1+ 10. Bxd1 Nc6 11. 0-0 Bd7 12. Nc3 Be7 13. Bf4 0-0 14. a3 a6 15. Be2 Rfd8 16. Rfd1 Na5 1/2-1/2

[Event "Titled Tuesday intern op 11th Jan"]
[Site "Chess.com INT"]
[Date "2022.01.11"]
[Round "2"]
[White "Bettalli, Francesco"]
[Black "Seifert, Henryk"]
[Result "1-0"]
[WhiteElo "2302"]
[BlackElo "2148"]
[PlyCount "59"]
[EventDate "2022.01.11"]
[EventType "swiss (blitz)"]
[EventRounds "11"]
[EventCountry "USA"]
[SourceTitle "CBM 206 Extra"]
[Source "ChessBase"]
[SourceDate "2022.03.31"]
[SourceVersion "1"]
[SourceVersionDate "2022.03.31"]
[SourceQuality "1"]

1. d4 d5 2. Nc3 e6 3. Bf4 a6 4. Qd2 Nf6 5. f3 c5 6. e3 Nc6 7. 0-0-0 cxd4 8. exd4 Bd6 9. Nge2 Qc7 10. g4 Bd7 11. Kb1 0-0-0 12. h4 Kb8 13. Bh3 Bxf4 14. Nxf4 Na5 15. Nd3 Nc4 16. Qc1 b6 17. Rhe1 Rc8 18. Ne5 Rhf8 19. g5 Ne8 20. Nxd5 Qd6 21. Nxd7+ Qxd7 22. Nc3 Na3+ 23. Ka1 Nd6 24. d5 Rxc3 25. bxc3 Qa4 26. Re2 Ndc4 27. Rd4 Qa5 28. Rxc4 Nxc4 29. Qf4+ e5 30. Qxc4 1-0

[Event "Titled Tuesday intern op 11th Jan"]
[Site "Chess.com INT"]
[Date "2022.01.11"]
[Round "5"]
[White "Petrova, Irina"]
[Black "Seifert, Henryk"]
[Result "1/2-1/2"]
[WhiteElo "2104"]
[BlackElo "2148"]
[PlyCount "163"]
[EventDate "2022.01.11"]
[EventType "swiss (blitz)"]
[EventRounds "11"]
[EventCountry "USA"]
[SourceTitle "CBM 206 Extra"]
[Source "ChessBase"]
[SourceDate "2022.03.31"]
[SourceVersion "1"]
[SourceVersionDate "2022.03.31"]
[SourceQuality "1"]

1. e4 e6 2. d4 d5 3. Nc3 Nf6 4. Bg5 Be7 5. e5 Nfd7 6. Bxe7 Qxe7 7. f4 a6 8. Nf3 c5 9. Bd3 cxd4 10. Nxd4 Qb4 11. Nde2 Qxb2 12. Rb1 Qa3 13. 0-0 Nc6 14. Kh1 Nc5 15. f5 Nxe5 16. fxe6 Bxe6 17. Qe1 0-0 18. Qg3 Ncxd3 19. cxd3 Ng6 20. Rxb7 a5 21. h3 Qc5 22. d4 Qc4 23. Rc7 Qa6 24. Rb1 Rac8 25. Rbb7 Rxc7 26. Rxc7 Qb6 27. Rc5 h6 28. Nf4 Qb8 29. Nce2 Nxf4 30. Nxf4 Qb1+ 31. Kh2 Qe4 32. Rc7 Qxd4 33. Nxe6 fxe6 34. Re7 Qf4 35. Rxe6 Qxg3+ 36. Kxg3 Rd8 37. Kf3 d4 38. Ke2 d3+ 39. Kd2 Rd5 40. Re3 Kf7 41. Rxd3 Rg5 42. g3 Ke6 43. Ke3 h5 44. Kf4 Rf5+ 45. Ke4 Re5+ 46. Kf3 Rf5+ 47. Ke3 Re5+ 48. Kf4 Rf5+ 49. Ke3 Re5+ 50. Kf3 Rf5+ 51. Kg2 g6 52. Rb3 Rc5 53. Rb6+ Kf5 54. Rb2 a4 55. a3 Rc3 56. Rb5+ Kf6 57. Rb6+ Kg7 58. Rb7+ Kh6 59. Ra7 Rxa3 60. h4 Ra2+ 61. Kh3 a3 62. Ra8 Ra1 63. Ra7 a2 64. Kh2 g5 65. Ra6+ Kg7 66. hxg5 Kh7 67. Ra5 Kg6 68. Ra6+ Kxg5 69. Ra5+ Kg4 70. Ra4+ Kf3 71. Ra3+ Ke2 72. Ra8 Kd2 73. Rd8+ Kc2 74. Rc8+ Kd3 75. Rd8+ Ke4 76. Re8+ Kf5 77. Ra8 Ke6 78. Ra7 Kf5 79. Ra5+ Kg4 80. Ra4+ Kf3 81. Ra3+ Kg4 82. Ra4+ 1/2-1/2

[Event "Titled Tuesday intern op 11th Jan"]
[Site "Chess.com INT"]
[Date "2022.01.11"]
[Round "7"]
[White "Seifert, Henryk"]
[Black "Kekic, Armin"]
[Result "0-1"]
[WhiteElo "2148"]
[BlackElo "2164"]
[PlyCount "96"]
[EventDate "2022.01.11"]
[EventType "swiss (blitz)"]
[EventRounds "11"]
[EventCountry "USA"]
[SourceTitle "CBM 206 Extra"]
[Source "ChessBase"]
[SourceDate "2022.03.31"]
[SourceVersion "1"]
[SourceVersionDate "2022.03.31"]
[SourceQuality "1"]

1. e4 c5 2. Nf3 d6 3. c3 Nf6 4. Be2 Bd7 5. e5 dxe5 6. Nxe5 Nc6 7. d4 cxd4 8. cxd4 e6 9. 0-0 Bd6 10. f4 0-0 11. Nc3 Ne7 12. Bf3 Rb8 13. Be3 a6 14. Kh1 Be8 15. Ne4 Nxe4 16. Bxe4 Nd5 17. Bxd5 exd5 18. f5 f6 19. Nf3 Qb6 20. Qd2 Bb5 21. Qf2 Rfe8 22. Rfe1 Re7 23. Bd2 Rbe8 24. Rxe7 Rxe7 25. Re1 Re4 26. Bc3 Bd3 27. Nd2 Rxe1+ 28. Qxe1 Bxf5 29. Qe8+ Bf8 30. a3 Qe6 31. Qxe6+ Bxe6 32. Nb3 b6 33. a4 a5 34. Nd2 Bd7 35. b3 Kf7 36. Kg1 g5 37. Kf2 h5 38. g3 Bd6 39. Ke3 Ke6 40. h4 Kf5 41. hxg5 fxg5 42. Kf3 g4+ 43. Kf2 Be7 44. Kg2 h4 45. gxh4 Bxh4 46. Kh2 Be1 47. b4 axb4 48. Bxb4 Bxd2 0-1

[Event "Titled Tuesday intern op 14th Dec"]
[Site "Chess.com INT"]
[Date "2021.12.14"]
[Round "9"]
[White "Florescu, Codrut Constantin"]
[Black "Seifert, Henryk"]
[Result "1-0"]
[WhiteElo "2285"]
[BlackElo "2148"]
[PlyCount "77"]
[EventDate "2021.12.14"]
[EventType "swiss (blitz)"]
[EventRounds "11"]
[EventCountry "USA"]
[SourceTitle "EXT 2023"]
[Source "ChessBase"]
[SourceDate "2022.10.05"]
[SourceVersion "1"]
[SourceVersionDate "2022.10.05"]
[SourceQuality "1"]

1. d4 d5 2. c4 c6 3. Nf3 e6 4. e3 Nf6 5. Nc3 Nbd7 6. Qc2 Be7 7. Bd3 0-0 8. 0-0 h6 9. e4 dxe4 10. Nxe4 Nxe4 11. Bxe4 Nf6 12. Bd3 c5 13. dxc5 Bxc5 14. Bf4 Bd6 15. Bxd6 Qxd6 16. Rad1 Qc7 17. Qc3 Bd7 18. b4 a5 19. a3 Rfc8 20. Qe5 Be8 21. b5 b6 22. h3 Qxe5 23. Nxe5 Rc5 24. f4 Rac8 25. Be2 Kf8 26. g4 Ke7 27. Kf2 Ne4+ 28. Ke3 Ng3 29. Rfe1 Nxe2 30. Rxe2 f6 31. Nf3 Rxc4 32. Rb2 Rc3+ 33. Rd3 R8c5 34. Nd4 Rxd3+ 35. Kxd3 Bd7 36. a4 e5 37. fxe5 fxe5 38. Nf3 Ke6 39. Re2 1-0